| 000 | 01013nam a22003137a 4500 | ||
|---|---|---|---|
| 003 | CHAP | ||
| 005 | 20220329143316.0 | ||
| 008 | 080429d2005 uk a r 00110 eng d | ||
| 010 | _a94762 | ||
| 011 | _a95734 | ||
| 020 | _a1842651013 | ||
| 035 | _a106364 | ||
| 040 | _cCHAP | ||
| 082 | 0 | 4 |
_a532 _bA8 |
| 100 | 1 |
_aAswatha Narayana, P.A. _98208 |
|
| 245 | 1 | 0 |
_aEngineering fluid mechanics _c/by P.A. Aswatha Narayana and K.N. Seetharamu |
| 260 |
_aHarrow, U.K. : _bAlpha Science International, _cc2005 |
||
| 300 |
_axx, 581 p. : _bilus. ; gráfs. |
||
| 590 |
_aBATCH-UPD _b10 _c20130110 _lUCH01 _h0625 |
||
| 590 |
_aBATCH-UPD _b10 _c20130410 _lUCH01 _h0308 |
||
| 590 |
_aBATCH-UPD _b10 _c20130914 _lUCH01 _h0422 |
||
| 590 |
_aCONVERSION _b10 _c20130109 _lUCH01 _h1352 |
||
| 650 | 1 | 4 |
_aFluídos. _941896 |
| 650 | 1 | 4 |
_aMecánica de fluídos. _973821 |
| 700 | 1 |
_aSeetharamu, K.N. _9103593 |
|
| 901 | _aBK | ||
| 942 | _cLIBRO | ||
| 949 |
_a532 A8 _bBC _cLIBRO _d33724002055306 _eLIBRO _gI.236310 _h109495 _i106364 _si _t$1650.00 |
||
| 999 |
_c94762 _d94762 |
||